00329nam a22000977a 4500082002000000100002700020245012900047260003500176300001200211563000800223 a347.549103bCHO aChohan, Muhammad Nasir aHigh Court Rules and Orders Civil & Criminal:b[with all amendments and upto date case law] Vol I-V /cMuhammad Nasir Chohan aLahore:bLaw Book House,cN.A. a1280 p. aHB.